Portuguese Months, Seasons and Days - Statistics

General Stats
  • This quiz has been taken 24 times
  • The average score is 21 of 24
Answer Stats
Português English % Correct
Dezembro December
100%
Primavera Spring
100%
Verão Summer
100%
Inverno Winter
100%
Outono Autumn
94%
Novembro November
94%
Outubro October
94%
Abril April
88%
Agosto August
88%
Fevereiro February
88%
Sexta-feira Friday
88%
Janeiro January
88%
Julho July
88%
Junho June
88%
Março March
88%
Maio May
88%
Segunda-feira Monday
88%
Sábado Saturday
88%
Setembro September
88%
Domingo Sunday
88%
Quinta-feira Thursday
88%
Terça-feira Tuesday
88%
Quarta-feira Wednesday
88%
Estação (also station) Season
53%
No matching quizzes found
Score Distribution
Percent of People with Each Score
Percentile by Number Answered
Your Score History
You have not taken this quiz